000 00519nam a2200193 a 4500
001 1771666074679
003 YourLibrary
005 20260221145946.0
008 260221s2009##################000#0#eng##
020 _a9780691142364
082 0 4 _a338.433621
_bCAL
100 1 _aCallahan, Daniel,
_eauthor.
245 1 0 _aTaming the Beloved Beast :
260 _bPrinceton University Press,
_c2009.
300 _a280 pages
650 0 _aPolitical Science.
942 _cENGLISH
040 _aYourLibrary
_beng
_cYourLibrary
999 _c615253
_d615253